000 00428cam a2200181 4500
001 D13174
008 090401t1931 xxu||||| |||| 00| 0 eng d
035 _a(Sirsi) u8169
041 _aeng
100 _aKonstam, E.M.
245 4 _aThe new land valuation and land value tax
260 _aLondon
_bButterworth
_c1931
350 _a0
520 _aShelf 117
700 _aRowe, Michael E
942 _n0
948 _c04/03/1997
999 _c86489
_d86489